Guess the Football Club Logo - Asia/AFC#3 - Statistics

General Stats
  • This quiz has been taken 13 times
    12 since last reset
  • The average score is 8 of 12
Answer Stats
Picture Hint Answer % Correct
Saudi Arabia Ittihad Club (Al-Ittihad)
91%
Japan Vissel Kobe
91%
Saudi Arabia Al Ahli
82%
Australia Melbourne Victory
82%
Australia Brisbane Roar
73%
India FC Goa
73%
South Korea Gwangju FC
64%
Japan Cerezo Osaka
55%
Tajikistan Istiklol Dushanbe
55%
South Korea Jeju SK (Jeju United)
45%
Iran Sepahan S.C.
36%
China PR Jiangsu Suning
27%
No matching quizzes found
Score Distribution
Percent of People with Each Score
Percentile by Number Answered
Your Score History
You have not taken this quiz since the last reset